| 000 | 00575nam a22002057a 4500 | ||
|---|---|---|---|
| 005 | 20170124110208.0 | ||
| 010 | _aB-025956 | ||
| 020 | _c00.00 | ||
| 035 | _aB-025956 | ||
| 037 | _bCen Lib/Ret | ||
| 040 |
_aDPL _bEN |
||
| 082 |
_a004.67 _bCAL |
||
| 100 |
_aCallihan, Steven E. _937638 |
||
| 245 |
_aLearn HTML in a weekend / _cby Steven E. Callihan |
||
| 300 |
_axx,409p. : _c23cm(Hb) _bill. |
||
| 500 | _aIncludes index | ||
| 650 |
_aHTML (Document markup language) _936863 |
||
| 650 |
_aHypertext systems _937639 |
||
| 942 |
_2ddc _cEN _h004.67 _mCAL |
||
| 999 |
_c133336 _d133336 |
||